[Event "Serbian-ch 29th"]
[Site "Sabac"]
[Date "1998.04.25"]
[Round "6"]
[White "Markovic, Miroslav"]
[Black "Solak, Dragan"]
[Result "1-0"]
[WhiteElo "2540"]
[BlackElo "2380"]
[Annotator "Har Zvi,R"]
[PlyCount "103"]
[EventDate "1998.04.20"]
[EventType "tourn"]
[EventRounds "13"]
[EventCountry "YUG"]
[EventCategory "9"]
[SourceTitle "CBM 065"]
[Source "ChessBase"]
[SourceDate "1998.08.06"]
[SourceVersion "1"]
[SourceVersionDate "1998.08.06"]
[SourceQuality "1"]

1. e4 c5 2. c3 Nf6 3. e5 Nd5 4. d4 cxd4 5. Nf3 e6 6. cxd4 b6 7. Bd3 Ba6 8. Nc3
$146 {a very interesting move,the idea is not to allow black to occupy the
"d5" square with his knight,that's is why Nc3 immediately not allowing Na6-Nac7
} (8. O-O Qc8 9. a3 h6 10. Re1 Bxd3 (10... Be7 11. Bc2 O-O 12. Nbd2 Nc6 13. Ne4
$14) 11. Qxd3 Na6 (11... Qa6 $5 12. Qe4 Nc6 13. Nbd2 $14) 12. Nbd2 Nac7 13. Ne4
Qa6 14. Qc2 Rc8 (14... Be7 $6 15. Nd6+ Bxd6 16. exd6 Nb5 17. Qd3 Nbc7 18. Qb3
$18) 15. Bd2 Be7 16. Nd6+ Bxd6 17. exd6 Na8 (17... Nb5 18. Qd3 Nbc7 19. Qb3 (
19. Qe4 $6 Nf6 $14) 19... Qb5 20. Qc2 $18) 18. Qb3 O-O 19. Ne5 $16 {1-0 Blatny,
P-Mokry,K/CSR-ch 1986/MCL 04/[Dolmatov] (28)}) (8. Bxa6 Nxa6 9. O-O Be7 10.
Nbd2 O-O 11. Ne4 Nac7 12. Bg5 f6 13. exf6 Nxf6 14. Nc3 Nfd5 15. Bd2 Rc8 16. Qa4
Nxc3 17. bxc3 $14 {1-0 Sermek,D-Grosar,A/Ljubljana Iskra 1992/CBM 31 (40)})
8... Nxc3 9. bxc3 Qc8 10. Bxa6 Qxa6 (10... Nxa6 11. Qd3 $14 {[%csl Ra6]}) 11.
Ng5 $1 {[%csl Rf7][%cal Gd1f3]} Qb7 12. Qg4 $1 $36 d6 13. exd6 Bxd6 14. O-O Be7
(14... O-O $2 15. Nxe6 Bxh2+ 16. Kxh2 fxe6 17. Qxe6+ $16) 15. Ne4 Kf8 (15...
O-O $2 16. Bh6) 16. Qf4 Nd7 (16... Qc6 17. a4) 17. a4 $1 {the fact that
black's king has moves and can not castle does not win the game for white yet,
he has to find a way to breakthrough into black camp,since other wise black
will organize his position and white because of his weak "a" and "c" pawns may
find himslef fighting for eqaulity,this move first gets rid of the "a" pawn
and opening the "a" file which is of course in white's favour since the "h8"
rook is not in the game} Nf6 (17... a5 18. Ba3 (18. Nd6) (18. Nd6 Bxd6 19.
Qxd6+ Kg8 20. Re1 $36) 18... Bxa3 19. Rxa3 {[%cal Ge4d6]} Qc6 20. Rb1 $36 {
[%csl Rf8]}) 18. Nxf6 Bxf6 19. a5 $1 bxa5 (19... b5 20. a6 Qc6 21. Ba3+ Be7 (
21... Kg8 22. Bc5 $16) 22. Rfb1 $1 $14 {[%csl Rb5] /+/-}) 20. Ba3+ Kg8 21. Rfb1
Qc8 (21... Qd5 $6 22. Rb8+ Rxb8 23. Qxb8+ Qd8 24. Rb1 $16 g6 25. Qxa7 Kg7 26.
Rb7) 22. Rb5 $6 {I am not sure about this move,it seems to me that after 22.
Bc5 white has a big advantage without any special problems,also here white is
better but I prefer 22.Bc5} (22. Bc5 $5 Bd8 23. Qf3 $16) 22... h6 (22... Bd8
23. Rab1 Bb6 24. Bc5 Bc7 25. Qf3 $16) (22... Qxc3 $4 23. Rb8+ Bd8 24. Rc1 $18)
23. Bc5 (23. Rxa5 $2 Qxc3) 23... Bd8 (23... Kh7 24. Qe4+ $1 (24. Rbxa5 Qb7)
24... g6 25. Rbxa5 a6 26. Qe2 $16) 24. Rab1 Qc6 (24... Bc7 25. Qf3 $36) 25. Rb7
Bf6 26. Rc7 g5 (26... Qe8 27. Rbb7 (27. Qe4 $5 {[%cal Gb1b7]}) 27... e5 28. Qc1
$36) (26... Qa4 27. Qe4 Rd8 28. Rxa7 $16) (26... Qa6 27. Rbb7 Qe2 28. h3 $1 $16
) 27. Rxc6 (27. Qxg5+ $5 {this was a possible move,just taking the pawn,white
did not want to waste a tempi and decided to go immediately for the "a" pawns}
hxg5 (27... Bxg5 28. Rxc6 Kg7 29. Ra6 Rab8 30. Rd1) 28. Rxc6 Kg7 29. Ra6) 27...
gxf4 28. Ra6 Kg7 (28... Bd8 29. Rb7) 29. Rxa5 Rhb8 30. Rc1 a6 (30... Rb7 $5 31.
Kf1 e5 {and black gets some counterplay here}) 31. Bd6 Rb5 32. Ra4 (32. Rxb5
axb5 33. Bxf4 Ra2 {[%cal Ga2b2,Gb5b4] when it's clear white has an nice pawn
up but if black will manage to exchange his "b" and "e" pawns for white "c"
and "d" he has chances for a draw}) 32... Rf5 33. f3 {there is no question
that white is better here and that black should fight for a draw,but I can not
understand why black decided to give a pawn the why is happened in the game}
Rc8 (33... a5 $5 34. Kf1 (34. Rb1 Rc8) (34. Rca1 Rc8 35. R1a3) 34... e5 $132)
34. Kf1 Rd5 $2 (34... a5 $5) (34... Rb5 35. Bxf4 Rb3 36. Rxa6 Rcxc3 37. Rxc3
Rxc3 38. d5 $1 exd5 39. Bxh6+) 35. Bxf4 $16 {so black just gave white a pawn
with his move which I can not explain [ unless maybe there was a time trouble
?? ] now white is much better} a5 {tooo late,it was good before Rd5!} 36. Be3
Rb5 37. c4 Rb3 38. Bf2 {[%csl Ra5]} Bg5 (38... Bd8 39. Be1 $16) 39. Rd1 Rb4 40.
Rxb4 axb4 41. h4 Bf6 42. c5 Ra8 (42... b3 43. Rb1 Rb8 44. Ke2 {[%cal Ge2d3,
Gd3c3]}) 43. Rb1 Ra4 44. Rb2 $1 {[%cal Gf1e2,Ge2d3,Gd3c4]} (44. Ke2 Ra2+) 44...
e5 $2 (44... Kf8 $142 {[%cal Gf8e7,Ge7d7]}) 45. d5 $18 e4 46. Rb1 exf3 47. gxf3
Be5 48. Be1 Bc3 49. c6 Kf6 50. c7 Ra8 51. Bxc3+ bxc3 52. Re1 1-0

[Event "RUS-Cup07"]
[Site "Tomsk"]
[Date "1998.07.17"]
[Round "3"]
[White "Smirnov, Pavel"]
[Black "Landa, Konstantin"]
[Result "0-1"]
[WhiteElo "2365"]
[BlackElo "2505"]
[Annotator "Har Zvi,R"]
[PlyCount "82"]
[EventDate "1998.07.15"]
[EventType "swiss"]
[EventRounds "9"]
[EventCountry "RUS"]
[SourceTitle "CBM 067"]
[Source "ChessBase"]
[SourceDate "1998.11.30"]
[SourceVersion "2"]
[SourceVersionDate "1998.11.01"]
[SourceQuality "1"]

1. e4 c5 2. c3 Nf6 3. e5 Nd5 4. d4 cxd4 5. Nf3 e6 6. cxd4 d6 7. Bc4 Nb6 8. Bb3
dxe5 9. Nxe5 Nc6 10. Nxc6 bxc6 11. O-O Be7 12. Nc3 O-O 13. Bf4 (13. Re1 {
why to play Re1 before black has played Ba6 since is seems much more normal to
play Bf4 as was Played in the games mentioned below Kharlov-Yudasin and
Zifroni,D-Har-Zvi,R with an unclear position} Nd5 $5 14. Be3 Nxe3 15. Rxe3 $6 {
I do not like move at all,since it leaves the "d4" pawn very weak and indeed
white lost this pawn in the next few moves,the typical caputre should have
been fxe3 when the "d4" becomes quite strong,when white tries to put pressure
on the "c6 pawn} (15. fxe3 c5 16. d5 $13 (16. Qf3)) 15... Rb8 {[%csl Rd4]} 16.
Ne4 $2 {it is quite difficult to believe that this move loses a pawn by force,
but this is the truth} Rb4 $1 17. Rd3 (17. Qc2 $142) 17... Ba6 18. Rd2 Qb6 {
and suddenly there is no way to defend the "d4" pawn since black's next move
will be simply Rd8} 19. Nc5 Bxc5 20. dxc5 Qxc5 $15 {/-/+ 0-1 Nadyrhanov,
S-Rublevsky,S/RUS-Cup6 1997/CBM 59/[Har Zvi] (33)}) 13... Ba6 14. Re1 Nd5 $5
$146 {an interesting move,after 14...c5 black is OK but no real winning
chances for him ( the position about equal without big winning chances )} (
14... c5 15. dxc5 (15. d5 c4 16. Bc2 $2 (16. d6 Bg5 17. Bxg5 Qxg5 18. Bc2 $13)
16... Nxd5 (16... exd5) 17. Nxd5 exd5 18. Re5 Bb7 19. Qh5 g6 20. Qh6 {[%cal
Ge5h5]} f5 $1 $17 {Zifroni,D-Har-Zvi,R Czerniak-mem 1996}) 15... Qxd1 (15...
Bxc5 16. Qh5 $36) 16. Rexd1 Bxc5 17. Ne4 Be7 18. Rac1 Rfc8 $14 {Kharlov,
A-Yudasin,L Kemerovo 1995 65/151 [Yudasin,L]}) 15. Be5 Qd7 16. Na4 (16. Qf3 $5)
16... f6 17. Bg3 Bb4 18. Nc5 (18. Nc3 $5 $14 {[%csl Re6][%cal Ga1c1]}) 18...
Bxc5 19. dxc5 {[%cal Gg3d6]} e5 {[%csl Rg3]} 20. f4 $1 {necessary since white
can not allow him self to play with out his bishop on "g3"} Rae8 (20... exf4
21. Bxf4 {[%cal Gf4d6]}) 21. fxe5 fxe5 22. Bxe5 $2 {this move is bad ,I do not
know what white missed or maybe did not understand but infact black is better 
[ probably much better ] after this,while it seems that after 22.Qc2 white
should be very happy with his position} (22. Qc2 $1 {[%csl Re5]} Kh8 (22... Qf5
23. Qxf5 Rxf5 24. Bc2 $16) 23. Bxe5 Nb4 24. Qc3 Nd3 25. Re3 $16) 22... Rf5 $1
23. Bd6 (23. Qd4 Qe6 $19 24. Bxd5 cxd5 25. Bg3 (25. Qa4 Bc4 $19) 25... Qxe1+ {
maybe this is what white had missed} 26. Rxe1 Rxe1+ 27. Bxe1 Rf1#) (23. Bc3
Rxe1+ 24. Qxe1 Rf1+ 25. Qxf1 Bxf1 26. Rxf1 Qe7 $15 {/-/+}) 23... Rxe1+ 24. Qxe1
Rf1+ 25. Qxf1 Bxf1 26. Rxf1 {this position seems quite forced after 22.Bxe5
maybe white thought he is OK here and indeed the material is about equal,but
it is well knowen that in an endgame the combination of Queen+knight is very
strong white gave his light coloured bishop for black's knight but that gave
black a pass pawn and gave white no answer on the white squares} g5 $1 27.
Bxd5+ $6 (27. Re1 Qf5 (27... Qg4 28. Bxd5+ cxd5 29. c6) 28. Ba4) 27... cxd5 28.
Rd1 Qe6 $17 {all black has to do here is simply bring is king to the center,
stopping white's "c" pawn and then create problems for white with his Queen
and passed "d" pawn} 29. Bg3 Qe2 30. Rxd5 (30. Re1 Qxb2 31. c6 Qb6+) 30... Qe3+
31. Kf1 (31. Bf2 $4 Qc1+) 31... Qc1+ 32. Kf2 Qxb2+ 33. Ke3 Kf7 34. Rd7+ Ke8 35.
Rc7 (35. Rxa7 {I think white had to go for this variation,since you can face a
Queen with bishop and a rook when there are pawns on both flanks,I think white
has to eliminate black's "a" pawn although even here black is much better but
the way the game continued it was simply over.} Qc3+ 36. Ke2 Qc4+ 37. Kd2 Qxc5
$17) 35... Qxa2 $19 36. c6 Qd5 {[%csl Ga7][%cal Ga7a1]} 37. Rc8+ Kf7 38. Rc7+
Ke8 39. Rc8+ Kf7 40. Rc7+ Ke6 41. Rxh7 Qb3+ 0-1

[Event "RUS-Cup4"]
[Site "Perm"]
[Date "1997.??.??"]
[Round "6"]
[White "Zakharov, Alexander V"]
[Black "Neverov, Valeriy"]
[Result "0-1"]
[WhiteElo "2375"]
[BlackElo "2530"]
[Annotator "Har Zvi,R"]
[PlyCount "119"]
[EventDate "1997.02.02"]
[EventType "swiss"]
[EventRounds "9"]
[EventCountry "RUS"]
[SourceTitle "CBM 058"]
[Source "ChessBase"]
[SourceDate "1997.06.01"]
[SourceVersion "1"]
[SourceVersionDate "1997.06.01"]
[SourceQuality "1"]

1. e4 e6 2. Nf3 c5 3. c3 Nf6 4. e5 Nd5 5. d4 cxd4 6. cxd4 b6 7. Nc3 Nxc3 8.
bxc3 Qc7 9. Bd2 Bb7 10. Bd3 d6 11. O-O Nd7 12. Ng5 dxe5 13. Qh5 g6 14. Qh3 Be7
(14... exd4 $2 15. Bxg6 $1 hxg6 16. Qxh8) (14... Bg7 15. Rae1 h6 16. Bxg6 hxg5
17. Qxe6+ Kd8 18. Bxg5+ Kc8 (18... f6 19. Qf7) 19. Qxf7 Nf6 20. Qe6+ Qd7 21.
Rxe5 $16) (14... Bd5 15. c4 Bb7 16. Rfe1 Be7 17. dxe5 Nc5 18. Bc2 O-O-O $1 19.
Bf4 Rdf8 20. Qh6 $13) 15. Rfe1 (15. Rae1 Bd5 16. dxe5 Nc5 17. Bb5+ Bc6 18. Qf3
Bxb5 19. Qxa8+ Bd8 {[%cal Gb5c6]} 20. Qf3 Bxf1) 15... a6 (15... h6 16. f4 (16.
dxe5 Nc5 (16... Nxe5 $2 17. Bf4 Bd6 18. Nxe6) 17. Bb5+ Kf8 $13 {/-/+}) 16... e4
$2 (16... Bxg5 $8 17. fxg5 h5 $13) (16... Bf6 {[%cal Gh6g5]} 17. Nxf7 $1 Kxf7
18. fxe5 $40) 17. Nxe4 O-O-O 18. a4 $1 Nf6 19. Nxf6 Bxf6 20. a5 $40 {/+/-
Ivanov,V.L-Doroshkievich Moscow 1995 65/152 [Ivamov,V.L]}) (15... Rf8 16. Qxh7
$1 (16. dxe5 O-O-O 17. Bf4 Nc5 18. Bc2 h6 19. Qxh6 Rh8 20. Qg7 Rh4 $1 $17 {
Nadyrhanov,S-Zvjaginsev,V St.Petersburg 1994}) 16... O-O-O 17. Nxf7 Nf6 18. Qh3
Rxf7 19. Qxe6+ Kb8 20. Qxf7 $18 {Stevic,H-Grosar,A Mravinci 1995}) 16. a4 (16.
dxe5 Nc5 17. Bc2 Rd8 $2 18. Bf4 f5 $2 19. exf6 Qxf4 20. f7+ $8 (20. fxe7 $4 Rd2
$19) 20... Kd7 21. Nxe6 Nxe6 22. Rxe6 Bxg2 23. Kxg2 $18 {Ivanov,V.L-Sobalev
Cherepavec 1993 59/174 [Ivanov,V.L]}) 16... Rc8 17. Qh6 (17. Bxg6 $2 fxg6 18.
Qxe6 Qc4 $1) (17. dxe5 Nc5 18. Bc2 Qd8 $1 {[%csl Rd2,Rg5]} 19. Qe3 h6) 17...
Bf8 18. Qh3 Be7 19. Qh6 Bf8 (19... Bxg5 20. Bxg5 Qxc3 21. Bxg6 $1 Rf8 (21...
fxg6 22. Qg7) 22. Bh5 $40) 20. Qh3 Bg7 {black who is also the stronger player
refuses to a draw and wish to play,according the result og this game he was
quite right} 21. f4 (21. Nxe6 fxe6 22. Qxe6+ Kf8 23. Bc1 $1 Bf6 (23... Re8 24.
Ba3+ Nc5 25. Qg4 $40) (23... exd4 24. cxd4 $1 {[%cal Gc1a3]} (24. Qe7+ Kg8 25.
Qe6+ Kf8 26. cxd4 $1) 24... Bxd4 $4 25. Bh6+ Bg7 26. Qe7+) 24. Bh6+ Bg7 25. Bc1
$11 {well quite a strange way to make a draw,but that's probably what you
have!?}) 21... e4 (21... exf4 $2 22. Nxe6 (22. Rxe6+ Kf8 $8) 22... fxe6 23.
Qxe6+ Kf8 24. Bxf4 $1 Qxf4 25. Rf1 $18) (21... exd4 22. Nxe6 fxe6 23. Qxe6+ Kf8
24. Qe7+ {when I do not see more than a draw for white,but any way black did
not want a draw}) 22. Nxe4 $6 {at the first momet I saw this move i did not
like it since it completely frees black from all his troubles,the knight is
very strong on g5 first it prevents castle by black and put pressure on the e6
pawn after 22.Bxe4 white still has the initiative} (22. Bxe4 $5 Bxe4 (22... Nf6
23. Bxb7 Qxb7 24. f5 (24. Rxe6+ fxe6 25. Qxe6+ Kf8 26. Qd6+ Qe7 27. Ne6+ Ke8 $1
28. Nxg7+ Kf7) 24... gxf5 25. Qxf5 $36) 23. Rxe4 {[%csl Re6]}) 22... O-O 23.
Ng5 Nf6 24. Kh1 b5 25. axb5 axb5 26. Rac1 (26. Bxb5 $2 h6 27. Nf3 Ne4 $17) (26.
Rab1 h6 $1 27. Nf3 (27. Nxe6 fxe6 28. Qxe6+ Kh7 $15 {/-/+}) 27... Nd5 28. Rxb5
(28. Bxb5 Nxc3 29. Rec1 (29. Rbc1 Qb6) 29... Ne4 30. Rxc7 $4 Nf2+) 28... Bc6 (
28... Ba6 $2 29. Rxd5) 29. Rbb1 Nxf4 $17) 26... Ra8 27. Rc2 (27. Bxb5 h6 28.
Nf3 Ne4 29. Qh4 (29. Kg1 Nxd2 30. Nxd2 Qxf4) (29. Be3 Ra3 $1 (29... Qxf4))
29... Ra3 $1 $15 {/-/+}) 27... Ra3 28. Rec1 Rfa8 (28... h6 $5) 29. Bxb5 h6 30.
Nf3 Be4 $5 {at the first moment I did not like this move,I prefered Ne4 but
after few more Minutes I think this is a better move since white will have
serious problems with his first and second rank} (30... Ne4 31. Be3 Rxc3) 31.
Rb2 Ra1 32. Ng1 Rxc1 33. Bxc1 Ra1 34. Bd2 Qa5 35. Qe3 (35. Bd3 Rd1 36. Rb8+ Kh7
$17) 35... Qa3 36. Rb4 Qa8 37. Qe2 Bf8 38. Rb3 Qa2 39. Bc4 Qc2 $2 {making
thing much more complicated,after 39...Bd5 the game should be probably over} (
39... Bd5 $1 40. Rb4 (40. Bxd5 $2 exd5 41. Rb8 Ne4 $19) 40... Bxc4 41. Rxc4 Ne4
$1 42. Ra4 (42. Qxe4 Qxd2 $1 $19 {[%csl Rg1]}) 42... Qxa4 43. Qxe4 Qd1 44. Be3
(44. Qe3 Bd6 $1 {[%cal Gd6f4]}) 44... Ra3 $19) 40. Be3 Qxe2 41. Bxe2 Nd5 42.
Bd2 Bd6 43. c4 (43. f5 exf5 44. c4 (44. Bxh6 Bf4 45. c4 (45. Bxf4 $4 Nxf4 46.
Bf3 Nh3 $3 {I like this move!}) 45... Bxh6 46. cxd5 Bxd5 $17) 44... Nf4 45.
Bxf4 (45. Bf3 Nd3 $1 46. Be3 Re1 47. Be2 Bf4 $1 48. Rxd3 Bxd3 49. Bxf4 Bxe2 50.
c5 g5 $1 $19) 45... Bxf4 46. h3 (46. Bf3 Bg5 $1 {[%cal Gg5f6,Gf6d4] black must
find a way to reach the a7-g1 diagonal,if he succeed then he is winnign} 47. c5
Bf6 48. Rb4 Bxf3 49. gxf3 Rd1 $19)) 43... Nxf4 44. Bxf4 Bxf4 45. Bf3 Bxf3 46.
Rxf3 Bb8 47. Rc3 $2 (47. Rd3 $8 {the only way to stay in the game is to
protect the "d" pawn from behind ,not allowing Rd1 by black}) 47... Rd1 $1 {
of course} 48. c5 Rxd4 49. c6 Bc7 50. g3 Kf8 51. Nf3 Rd1+ 52. Kg2 Ke7 53. g4 h5
54. h3 Rd5 55. Rc4 e5 56. gxh5 gxh5 57. Ne1 $6 $19 (57. Rh4 $142 Rc5 58. Rxh5
Bd6 {winning the c6 pawn}) 57... Rd2+ 58. Kf1 Kd6 59. Nc2 f5 60. Nb4 0-1

[Event "Sigeman & Co 05th"]
[Site "Malmo"]
[Date "1997.06.12"]
[Round "3"]
[White "Rozentalis, Eduardas"]
[Black "Akesson, Ralf"]
[Result "1-0"]
[WhiteElo "2650"]
[BlackElo "2515"]
[Annotator "Har Zvi,R"]
[PlyCount "81"]
[EventDate "1997.06.10"]
[EventType "tourn"]
[EventRounds "9"]
[EventCountry "SWE"]
[EventCategory "13"]
[SourceTitle "CBM 060"]
[Source "ChessBase"]
[SourceDate "1997.09.29"]
[SourceVersion "1"]
[SourceVersionDate "1997.09.29"]
[SourceQuality "1"]

1. e4 c5 2. c3 d5 3. exd5 Qxd5 4. d4 e6 5. Nf3 Nc6 6. Be3 cxd4 7. cxd4 Nf6 8.
Nc3 Qd6 9. a3 Be7 10. Bd3 O-O 11. Qc2 h6 (11... Bd7 12. O-O (12. Rd1 h6 13. O-O
Rfd8 (13... Rac8 14. Qd2 e5 $5 15. Nb5 Qd5 16. Nc3 Qd6 17. Nb5 Qd5 18. Nc3 Qd6
$11 {Margolin,B-Zagrebelny,S Moscow 1995}) 14. Qe2 Bf8 15. Bc1 g6 16. Bb1 Bg7
17. Rfe1 Be8 18. Ba2 Rac8 19. Nb5 (19. h3) 19... Qf8 20. Nc3 Qd6 $11 {Sermek,
D-Zagrebelny,S Ljubljana op 1994}) 12... Rac8 13. Rad1 Rfd8 14. Rfe1 Be8 15.
Bc1 h6 16. Qe2 Bf8 17. Bb1 g6 18. Ba2 Bg7 (18... a6 19. d5 exd5 20. Nxd5 Nxd5
21. Bxd5 Qf6 22. h3 Rd6 23. Qe4 (23. Be4 $5) 23... Rcd8 24. Bb3 {1/2-1/2 Lutz,
Ch-Zagrebelny,S Moscow (ol) 1994}) 19. h3 Ne7 20. Ne5 $14 {Rozentalis,
E-Andersson,U Tilburg (m/2) 1993 59/171 [Rozentalis,E]}) (11... a6 12. O-O g6
13. Rad1 Bd7 14. Ne4 Nxe4 15. Bxe4 f5 16. Bd3 Rac8 17. Qe2 Bf6 18. g3 $14 {
Kramnik,V-Polgar,J Monaco Blind 1995}) 12. O-O Rd8 (12... b6 13. Rad1 Bb7 14.
Qe2 Rad8 15. Bb1 Qb8 16. h3 Rfe8 17. Nh2 $6 e5 18. dxe5 Rxd1 19. Qxd1 Nxe5 $36
{/~~ Makhametov,E-Korneev,O St.Petersburg op 1996}) 13. Rad1 Bf8 (13... Bd7 14.
Nb5 Qb8 15. Qd2 e5 16. dxe5 Nxe5 17. Nxe5 Bxb5 $11 {Daniliuk,S-Poluljahov,A
Novorossijsk 1995}) 14. Rfe1 Bd7 15. Qe2 Ne7 (15... Rac8) 16. Ne5 Bc6 17. Bf4
Ned5 18. Bg3 Nxc3 (18... Qe7) 19. bxc3 Qd5 (19... Qxa3 $2 20. Nxf7 Re8 21. Ne5
$16 Qxc3 22. Nxc6 bxc6 (22... Qxc6 23. Bb5) 23. Bg6 Re7 24. Bd6 Rd7 25. Qxe6+
Kh8 26. Be5) 20. f4 {white's idea now is Bh4 and after Be7 playing f5 when
black may have some troublers on the "e" file,in general it seems white got
quite a nice position,he has the initiative on the king's side} Re8 (20... Bxa3
$2 21. Bc4 Qd6 (21... Qe4 $2 22. Qa2 $18) (21... Qa5 22. Nxf7 Re8 (22... Rf8))
22. f5 $1 $16 {[%cal Gh2b8,Ga2f7] /+-} Ne4 23. fxe6 fxe6 24. Qg4) 21. Bh4 Nd7 (
21... Bxa3 22. f5 $40) 22. Bb1 {[%cal Ge2c2,Gb1h7] now white has something
like a winning threat Qc2 when after g6 white playes Nxf7,and after f5 white
playes Ba2} Nxe5 23. fxe5 Bb5 (23... Bxa3 24. c4 Qa5 25. Qd3 g6 26. Rf1 $1 Rf8
27. Rxf7 $3 Rxf7 28. Qxg6+ Kf8 (28... Rg7 29. Qxe6+ Kh8 (29... Rf7 30. Bh7+ $1
Kf8 31. Qg6 {with mate quite soon}) 30. Qxh6+ Kg8 31. Qe6+ Kh8 32. Bf6 $18) 29.
Qxh6+ Kg8 (29... Ke8 30. Bg6 $18) 30. Bf6 $18 Rxf6 31. exf6 Qc7 32. Rd3) 24.
Qc2 g6 25. Bf6 Rec8 (25... Bxa3 26. Re3 $1 {[%cal Ge3h3,Ge3g3]} Rec8 27. Rh3
Bf8 28. Qd2 {and seems in a very serious trouble for example} Bc6 (28... Kh7
29. Bg5) 29. Rf1 $40 (29. Ba2 $5)) 26. Re3 Rc7 27. Rg3 Rac8 28. h4 (28. Rxg6+
fxg6 29. Qxg6+ Rg7 (29... Bg7 $2 30. Rd2 $1 Be8 31. Qh7+ Kf8 32. Rf2 Bxf6 33.
Rxf6+ Rf7 34. Bg6 $18) 30. Bxg7 Bxg7 31. Rd2 Be8 32. Qh7+ Kf8 33. Rf2+ Bf7 34.
Bg6 Rc7 35. Bh5 Qd8 {[%cal Gd8g5]} 36. Qg6 Qe8 37. Qh7 Qd8 $11) 28... h5 {
[%tqu "En","white could have wom immediately,of course he saw the plan but he
wanted to do it without any problem,a thing which could have made things more
difficult","","","g3g6","",7]} 29. Rd2 $2 {white is not willing to sacrifise
something and just wants to win immediately since now Rxg6 in the end right
away,but Rd2 is just a mistake not winning immediately!} (29. Rxg6+ $3 fxg6 30.
Qxg6+ Rg7 (30... Bg7 31. Rd2 Be8 32. Qh7+ Kf8 33. Rf2 Bxf6 34. Rxf6+ Rf7 35.
Bg6 Qd7 (35... Rcc7 36. Qh8+ Ke7 37. Bxf7 Bxf7 38. Rxf7+ Kxf7 39. Qh7+ $18) 36.
d5 $1 $18) 31. Bxg7 Bxg7 32. Rd2 Be8 33. Qh7+ Kf8 34. Rf2+ Bf7 35. Bg6 Rc7 36.
Qxh5 {this is the only small but decisive difference between Rxg6 on move 28
and Rxg6 on move 29,on move 28 the "h" pawns stand on h3 and h6 and white can
not move is queen here the only move with the queen [ which does not lose it
of course ] is a winning move!!}) 29... Be8 $1 {the only move,defending the g6
square} (29... Bg7 30. Rxg6 fxg6 31. Qxg6 {transposes to 29.Rxg6}) 30. Ba2 Qa5
31. c4 Rxc4 $6 {black wanted to get some play,but after this the end is very
soon,it is clear white is better but of course not winning,31...Bg7 was a
possible interesting move.now after white's strong continuation black is faced
with a difficult position} (31... Bxa3 32. c5 $1 Kf8 (32... b6 33. Bxe6 $1 fxe6
34. Rxg6+ Bxg6 (34... Kf8 $2 35. Rh6 $18) 35. Qxg6+ Kf8 36. Rf2 Qe1+ 37. Rf1
Qxf1+ 38. Kxf1 $18) 33. Rdd3 $1 Bb4 34. Qc1 $18 {[%cal Gc1h6]}) (31... Bg7 $5)
32. Bxc4 Rxc4 (32... b5 33. Rxg6+ fxg6 34. Bxe6+) 33. Qxc4 Qxd2 34. Kh2 $1 $16
{a strong move,before making any act placing the king in a safe place} Qa5 (
34... Bd7 $5) (34... Bc6 $2 35. Rxg6+ $18) 35. Qc8 Qa4 36. Bg5 b6 37. Qd8 Qd7
$2 $18 {losing immediately,white was threatening Rc3-Rc8 and the only move was
Qc6 although white of course is much better,but black still has his chances} (
37... Qc6) 38. Qxd7 Bxd7 39. Rc3 Kh7 40. Rc7 Ba4 41. Rxa7 1-0